Guía práctica del entrenador de fútbol
Saved in:
| Main Authors: | , |
|---|---|
| Format: | Book |
| Language: | Spanish |
| Published: |
Madrid
Augusto Pila Teleña
1981
|
| Edition: | 2a. ed |
| Subjects: | |
| Tags: |
Add Tag
No Tags, Be the first to tag this record!
|
MARC
| LEADER | 00000nam a2200000 a 4500 | ||
|---|---|---|---|
| 001 | UCY9419 | ||
| 003 | CL-VaPUC | ||
| 008 | 950717e19810000SP |||||||||||||||||spa|d | ||
| 082 | 0 | 4 | |a 796.334077 |b TAS |2 21 |
| 100 | 0 | |a Tassara Olivares, Hugo |e author |9 341559 | |
| 700 | 0 | |a Pila Teleña, Augusto |e author |9 341560 | |
| 245 | 1 | 0 | |a Guía práctica del entrenador de fútbol |
| 250 | |a 2a. ed | ||
| 300 | |a 413 p | ||
| 942 | |c BK | ||
| 945 | |d 19950717 00:00:00 |a mfernand | ||
| 260 | |a Madrid |b Augusto Pila Teleña |c 1981 | ||
| 650 | 0 | |a Fútbol |9 307513 | |
| 650 | 7 | |a JUEGOS DE PELOTA |2 CL-VaPUC |9 340284 | |
| 583 | |a last modification |c 19950717 00:00:00 |k Rodrigo Vera | ||
| 999 | |c 236515 |d 236513 | ||
| 952 | |0 0 |1 0 |4 0 |6 796_334077000000000_TAS_1981 |7 0 |8 P |9 244647 |a BIBEDU |b BIBEDU |c BIBEDU_PB |d 2019-11-18 |i 1536389 |o 796.334077 TAS 1981 |p 1536389 |r 2024-01-25 |w 2019-11-18 |y BK |k EDU | ||